000 00369nam a22001457a 4500
999 _c193068
_d193068
008 221014b ||||| |||| 00| 0 eng d
082 _aJAY
100 _aJAYAPRADA,C.L.L
245 _aSTORIES OF TENALIRAMAN
_hENGLISH
260 _aNEW DELHI
_bA.I.C.B
270 _aA.I.C.B,ROHINI NEW DELHI
300 _a.
_b.
_c12X13
490 _v1-2
942 _2ddc
_cBRLEN
_kS
_mJAY